MARC details
| 000 -CABECERA |
| campo de control de longitud fija |
02247cam a2200241 a 4500 |
| 001 - NÚMERO DE CONTROL |
| campo de control |
000002803 |
| 005 - FECHA Y HORA DE LA ÚLTIMA TRANSACCIÓN |
| campo de control |
20200929150247.0 |
| 008 - DATOS DE LONGITUD FIJA--INFORMACIÓN GENERAL |
| campo de control de longitud fija |
060920s2005 sp a b 101 0dspa |
| 020 ## - NÚMERO INTERNACIONAL ESTÁNDAR DEL LIBRO |
| Número Internacional Estándar del Libro |
8479088397 |
| 040 ## - FUENTE DE LA CATALOGACIÓN |
| Centro catalogador/agencia de origen |
DO-SdBNP |
| Lengua de catalogación |
spa |
| Centro/agencia transcriptor |
BNPHU |
| 082 ## - NÚMERO DE LA CLASIFICACIÓN DECIMAL DEWEY |
| Número de clasificación |
Pa860 |
| Número de documento/Ítem |
C719d |
| 111 2# - ENTRADA PRINCIPAL--NOMBRE DE CONGRESO/REUNIÓN |
| Nombre de congreso/reunión o jurisdicción como elemento de entrada |
Coloquio Internacional Encuentros con la Literatura Paraguaya |
| Fecha del congreso/reunión |
2003 : |
| Sede del congreso/Lugar de la reunión |
Universidad de Alicante) |
| 9 (RLIN) |
8858 |
| 245 10 - MENCIÓN DE TÍTULO |
| Título |
Dos orillas y un encuentro : |
| Resto del título |
la literatura paraguaya actual / |
| Mención de responsabilidad, etc. |
Mar Langa Pizarro. |
| 246 3# - FORMA VARIANTE DE TÍTULO |
| Título propio/Titulo breve |
2 orillas y 1 encuentro |
| 246 30 - FORMA VARIANTE DE TÍTULO |
| Título propio/Titulo breve |
Literatura paraguaya actual |
| 260 ## - PUBLICACIÓN, DISTRIBUCIÓN, ETC. |
| Lugar de publicación, distribución, etc. |
Alicante, España : |
| Nombre del editor, distribuidor, etc. |
Centro de Estudios Iberoamericanos Mario Benedetti; Universidad de Alicante, |
| Fecha de publicación, distribución, etc. |
2005. |
| 300 ## - DESCRIPCIÓN FÍSICA |
| Extensión |
253 p. : |
| Otras características físicas |
il. ; |
| Dimensiones |
24 cm. |
| 500 ## - NOTA GENERAL |
| Nota general |
"...el Coloquio Internacional Encuentros con la Literatura Paraguaya celebrado en diciembre de 2003"--P. 3. |
| 504 ## - NOTA DE BIBLIOGRAFÍA, ETC. |
| Nota de bibliografía, etc. |
Incluye referencias bibliográficas |
| 505 0# - NOTA DE CONTENIDO CON FORMATO |
| Nota de contenido con formato |
La palabra, entrada de sueños y pesadillas / Rubén Bareiro Saguier -- Qué escribimos hoy en Paraguay / Luis Hernáez -- Recuento de una vida al servicio de la palabra / Renee Ferrer -- Recuerdos y escritura ; Temas del revisionismo / Guido Rodríguez Alcalá -- Reflexiones sobre la narrativa paraguaya / Raquel Saguier -- Otra vuelta de tuerca a Roa / Trinidad Barrera -- Iconografías del Paraguay : un recorrido histórico-literario / María Gabriella Dionisi -- Las escritoras y la literatura paraguaya : primeras aportaciones a la narrativa / Teodosio Fernández -- La novela paraguaya del nuevo milenio / Mar Langa Pizarro -- Lectura de El pozo de Gabriel Casaccia / Francisco José López Alfonso -- Los jesuitas y su aportación a la historia del Paraguay : el caso del P. José Sánchez Labrador / Mario Martínez Gomis -- El portal de literatura paraguaya en la Biblioteca Virtual Miguel de Cervantes / Pedro Mendiola ONate -- Elvio Romero, Rubén Bareiro Saguier, Renée Ferrer, Jacobo Rauskin : calas de la poesía paraguaya / José Vicente Peiro Barco -- De encuentros y desencuentros paraguayos / José Carlos Rovira -- La paraguayidad en la cuentística de Josefina Pla / Sonja M. Steckbauer. |
| 650 #4 - PUNTO DE ACCESO ADICIONAL DE MATERIA--TÉRMINO DE MATERIA |
| Término de materia o nombre geográfico como elemento de entrada |
Literatura paraguaya |
| Subdivisión cronológica |
20th SIGLO |
| Subdivisión general |
Historia y crítica |
| Subdivisión de forma |
CONGRESOS |
| 9 (RLIN) |
8859 |
| 700 1# - PUNTO DE ACCESO ADICIONAL--NOMBRE DE PERSONA |
| Nombre de persona |
Langa Pizarro, M. Mar. |
| 9 (RLIN) |
8860 |